Word Ladder: Circuitous Path Quiz Stats

 Plays Quiz Updated May 4, 2012

Support Sporcle.
Go Orange.
Score 0/26 Timer 04:00
2 Plays Today
Hint Word % Correct
ToastyWARM
89.9%
Ⓞ NIGHTCRAWLER ⓄⓄ WORM Ⓞ
85.9%
Tunneling critterMOLE
82.3%
Ⓞ MIX A SALAD ⓄⓄ TOSS Ⓞ
81.7%
Mean, Median, ____MODE
77.8%
'Christian' film starBALE
76.5%
Like Mr. Clean or Dr. EvilBALD
73%
Jell-O ring, for exampleMOLD
71.9%
Beave and Wally's DadWARD
70.5%
Metatarsal or mandibleBONE
69.4%
NemesisBANE
67.1%
Ⓞ SHADE OF PIGMENT ⓄⓄ TONE Ⓞ
62.7%
Ⓞ GERMAN FOREST ⓄⓄ WALD Ⓞ
62.4%
Hint Word % Correct
Huge amounts ofTONS
60.3%
Lymph knotNODE
59.5%
Ⓞ PREDOMINANT EMOTION ⓄⓄ MOOD Ⓞ
54%
PointlessMOOT
51.2%
Tin horn noteTOOT
48.8%
Ⓞ PRY OR SNOOP ⓄⓄ NOSE Ⓞ
47.8%
Pulled asunderTORE
47.7%
Court caseTORT
46.6%
Bob Marley Wailer: Peter ____TOSH
39.3%
SnackNOSH
37.9%
Chinese gangTONG
31%
Ⓞ COMMON BOND ⓄⓄ RING Ⓞ
22.5%
Jamaican soft drink brandTING
22.1%

Today's Daily Dose

Missing Word
90s UK #1s

Word Ladder
Full Score

Quick Pick
Prime Books

Get the Picture
Big 4 'P' All-Stars

From the Vault

24 Movie Posters Looking Straight

by Sheldon

Movies 6m
Here's looking at you, kid.
Remove Ads.
Support Sporcle.
Get the best of Sporcle when you Go Orange. This ad-free experience offers more features, more stats, and more fun while also helping to support Sporcle. Thank you for becoming a member.

Show Comments

Extras

Top Quizzes Today


Score Distribution

Your Account Isn't Verified!

In order to create a playlist on Sporcle, you need to verify the email address you used during registration. Go to your Sporcle Settings to finish the process.

Report this User

Report this user for behavior that violates our Community Guidelines.

Details: